000 01700cam a22002534i 4500
005 20150121020002.0
008 130617s2014 enk b 001 0 eng
020 _a9780415825504 (hardback)
020 _a9780203383797 (ebk)
040 _aDLC
_cDLC
_dDLC
_dCo-BoIAVH
041 _aeng
044 _axxu
082 0 0 _a338.927
_bB73d
100 1 _aBorowy, Iris,
_d1962-
_931588
245 1 0 _aDefining sustainable development for our common future :
_ba history of the World Commission on Environment and Development (Brundtland Commission) /
_cIris Borowy.
260 _aAbindong, Oxon ;
_aNew York :
_bRoutledge,
_c2014.
300 _axv, 260 p.;
_c24 cm.
504 _aIncluye referencias bibliográficas (p. 244-253) e índice.
520 _aLa Comisión Mundial de las Naciones Unidas sobre el Medio Ambiente y el Desarrollo, presidido por el ex primer ministro noruego Gro Harlem Brundtland, alertó al mundo sobre la urgencia de avanzar hacia un desarrollo económico que podría sostenerse sin agotar los recursos naturales o dañar el medio ambiente. Escrito por un grupo internacional de políticos, funcionarios y expertos en medio ambiente y desarrollo, el Informe Brundtland cambió el desarrollo sostenible de una noción física a uno basado en los temas sociales, económicos y ambientales. Este libro coloca la Comisión Brundtland como un evento clave dentro de una serie más larga de las reacciones internacionales a los acuciantes problemas de la pobreza mundial y la degradación ambiental
610 2 0 _aWorld Commission on Environment and Development.
_931585
650 0 _aSustainable development.
_931589
650 0 _aEnvironmental policy.
_931590
942 _2ddc
_cLIBRO
_01
999 _c8985
_d8985